Indonesian Regencies - Nusa - Statistics

General Stats
  • This quiz has been taken 27 times
  • The average score is 31 of 41
Answer Stats
Picture Answer % Correct
Kabupaten Badung
92%
Kota Denpasar
92%
Kabupaten Gianyar
88%
Kota Mataram
88%
Kabupaten Karangasem
83%
Kabupaten Kupang
83%
Kabupaten Manggarai
83%
Kabupaten Sumbawa
83%
Kabupaten Sumbawa Barat
83%
Kota Kupang
83%
Kabupaten Alor
79%
Kabupaten Bangli
79%
Kabupaten Bima
79%
Kabupaten Buleleng
79%
Kabupaten Dompu
79%
Kabupaten Jembrana
79%
Kabupaten Klungkung
79%
Kabupaten Lombok Barat
79%
Kabupaten Lombok Timur
79%
Kabupaten Lombok Utara
79%
Kabupaten Tabanan
79%
Kota Bima
79%
Kabupaten Flores Timur
75%
Kabupaten Lombok Tengah
75%
Kabupaten Manggarai Barat
75%
Kabupaten Manggarai Timur
75%
Kabupaten Sumba Barat
75%
Kabupaten Sumba Barat Daya
75%
Kabupaten Sumba Tengah
75%
Kabupaten Sumba Timur
75%
Kabupaten Timor Tengah Selatan
75%
Kabupaten Timor Tengah Utara
75%
Kabupaten Ende
71%
Kabupaten Belu
67%
Kabupaten Malaka
67%
Kabupaten Rote Ndao
67%
Kabupaten Sikka
63%
Kabupaten Ngada
54%
Kabupaten Lembata
50%
Kabupaten Nagekeo
46%
Kabupaten Sabu Raijua
46%
No matching quizzes found
Score Distribution
Percent of People with Each Score
Percentile by Number Answered
Your Score History
You have not taken this quiz